000 00991cam a22003015a 4500
001 015720518
003 OSt
005 20150810131628.0
008 101214s2012 at a frb 001 0 eng d
020 _a9781111532932 (pbk.)
020 _a1111532931 (pbk.)
040 _aStDuBDS
_beng
_cStDuBDS
_dUk
_dEG-ScBUE
082 0 4 _a658.4038011
_bSTA
_222
100 1 _aStair, Ralph M.
_911344
245 1 0 _aInformation systems /
_cRalph M. Stair, George W. Reynolds.
250 _a10th ed., International ed.
260 _a[Canberra] :
_bCourse Technology / Cengage Learning,
_cc.2012.
300 _axxvii, 676 p. :
_bill. (col.) ;
_c25 cm.
500 _a1 internet access code card.
500 _aIndex : p. 653-676.
504 _aBibliography : p. 623-638.
650 0 _aManagement information systems.
_2BUEsh
651 _2BUEsh
653 _bCOMSCI
_cJune2015
_cAugust2015
655 _vreading book
_934232
700 1 _aReynolds, George W. ,
_d1944-
942 _2ddc
_k658.4038011 STA
999 _c19802
_d19774